Loading...
Guerrilla Warfare
| Main Author: | |
|---|---|
| Format: | Printed Book |
| Published: |
England;
Penguin Books;
1969
|
| Edition: | 1st |
| Subjects: |
| LEADER | 00468nam a22001457a 4500 | ||
|---|---|---|---|
| 082 | |a 920 |b CHE/G K9 | ||
| 100 | |a Che Guevara |9 302500 | ||
| 245 | |a Guerrilla Warfare | ||
| 250 | |a 1st | ||
| 260 | |a England; |b Penguin Books; |c 1969 | ||
| 300 | |a 141p. | ||
| 650 | |a Biography/Autobiography |9 302501 | ||
| 942 | |c BK | ||
| 999 | |c 67496 |d 67496 | ||
| 952 | |0 0 |1 0 |4 0 |6 920_000000000000000_CHE_G_K9 |7 0 |8 BIO |9 80260 |a MAL |b MAL |d 2016-11-09 |e 20176 |l 0 |o 920 CHE/G K9 |p MAL020176 |r 2016-11-09 |t 1 |w 2016-11-09 |y BK | ||